<?xml version="1.0" encoding="UTF-8"?>
<record
    xmlns:xsi="http://www.w3.org/2001/XMLSchema-instance"
    xsi:schemaLocation="http://www.loc.gov/MARC21/slim http://www.loc.gov/standards/marcxml/schema/MARC21slim.xsd"
    xmlns="http://www.loc.gov/MARC21/slim">

  <leader>00695nam a22002297a 4500</leader>
  <controlfield tag="005">20260627122139.0</controlfield>
  <controlfield tag="008">260627b        |||||||| |||| 00| 0 eng d</controlfield>
  <datafield tag="020" ind1=" " ind2=" ">
    <subfield code="a">9789351730606</subfield>
  </datafield>
  <datafield tag="040" ind1=" " ind2=" ">
    <subfield code="c">AL</subfield>
  </datafield>
  <datafield tag="041" ind1=" " ind2=" ">
    <subfield code="a">English</subfield>
  </datafield>
  <datafield tag="082" ind1=" " ind2=" ">
    <subfield code="a">657.46</subfield>
    <subfield code="b">MEHI</subfield>
  </datafield>
  <datafield tag="100" ind1=" " ind2=" ">
    <subfield code="a">H C Mehrotra</subfield>
    <subfield code="9">266049</subfield>
  </datafield>
  <datafield tag="245" ind1=" " ind2=" ">
    <subfield code="a">Income tax</subfield>
    <subfield code="b">: law and accounts tax year 2026-2027</subfield>
  </datafield>
  <datafield tag="250" ind1=" " ind2=" ">
    <subfield code="a">67.</subfield>
  </datafield>
  <datafield tag="260" ind1=" " ind2=" ">
    <subfield code="a">Agra</subfield>
    <subfield code="b">Sahitya Bhawan Publications</subfield>
    <subfield code="c">2026</subfield>
  </datafield>
  <datafield tag="300" ind1=" " ind2=" ">
    <subfield code="a">456p.</subfield>
    <subfield code="b">PB</subfield>
    <subfield code="c">25x18 cm</subfield>
  </datafield>
  <datafield tag="365" ind1=" " ind2=" ">
    <subfield code="a">1452</subfield>
    <subfield code="b">&#x20B9;382.50</subfield>
    <subfield code="c">&#x20B9;</subfield>
    <subfield code="d">&#x20B9;450.00</subfield>
    <subfield code="e">15%</subfield>
    <subfield code="f">16-06-2026</subfield>
  </datafield>
  <datafield tag="650" ind1=" " ind2=" ">
    <subfield code="a">As Per Income Tax Act 2025</subfield>
    <subfield code="9">266035</subfield>
  </datafield>
  <datafield tag="650" ind1=" " ind2=" ">
    <subfield code="a">Legal Position as amended upto June 2026</subfield>
    <subfield code="9">266050</subfield>
  </datafield>
  <datafield tag="700" ind1=" " ind2=" ">
    <subfield code="a">S P Goyal</subfield>
    <subfield code="9">266036</subfield>
  </datafield>
  <datafield tag="942" ind1=" " ind2=" ">
    <subfield code="2">ddc</subfield>
    <subfield code="c">BK</subfield>
  </datafield>
  <datafield tag="999" ind1=" " ind2=" ">
    <subfield code="c">241527</subfield>
    <subfield code="d">241527</subfield>
  </datafield>
  <datafield tag="952" ind1=" " ind2=" ">
    <subfield code="0">0</subfield>
    <subfield code="1">0</subfield>
    <subfield code="2">ddc</subfield>
    <subfield code="4">0</subfield>
    <subfield code="7">0</subfield>
    <subfield code="8">COM</subfield>
    <subfield code="a">AL</subfield>
    <subfield code="b">AL</subfield>
    <subfield code="c">SK</subfield>
    <subfield code="d">2026-06-27</subfield>
    <subfield code="e">Biblios Book Point, Surathkal-575014</subfield>
    <subfield code="g">382.50</subfield>
    <subfield code="l">1</subfield>
    <subfield code="o">657.46 MEHI</subfield>
    <subfield code="p">078237</subfield>
    <subfield code="q">2026-10-27</subfield>
    <subfield code="r">2026-06-29 15:27:46</subfield>
    <subfield code="s">2026-06-29</subfield>
    <subfield code="v">450.00</subfield>
    <subfield code="w">2026-06-26</subfield>
    <subfield code="y">BK</subfield>
  </datafield>
  <datafield tag="952" ind1=" " ind2=" ">
    <subfield code="0">0</subfield>
    <subfield code="1">0</subfield>
    <subfield code="2">ddc</subfield>
    <subfield code="4">0</subfield>
    <subfield code="7">0</subfield>
    <subfield code="8">COM</subfield>
    <subfield code="a">AL</subfield>
    <subfield code="b">AL</subfield>
    <subfield code="c">SK</subfield>
    <subfield code="d">2026-06-27</subfield>
    <subfield code="e">Biblios Book Point, Surathkal-575014</subfield>
    <subfield code="g">382.50</subfield>
    <subfield code="l">1</subfield>
    <subfield code="o">657.46 MEHI</subfield>
    <subfield code="p">078238</subfield>
    <subfield code="q">2026-10-26</subfield>
    <subfield code="r">2026-06-27 12:29:45</subfield>
    <subfield code="s">2026-06-27</subfield>
    <subfield code="v">450.00</subfield>
    <subfield code="w">2026-06-26</subfield>
    <subfield code="y">BK</subfield>
  </datafield>
  <datafield tag="952" ind1=" " ind2=" ">
    <subfield code="0">0</subfield>
    <subfield code="1">0</subfield>
    <subfield code="2">ddc</subfield>
    <subfield code="4">0</subfield>
    <subfield code="7">0</subfield>
    <subfield code="8">COM</subfield>
    <subfield code="a">AL</subfield>
    <subfield code="b">AL</subfield>
    <subfield code="c">SK</subfield>
    <subfield code="d">2026-06-27</subfield>
    <subfield code="e">Biblios Book Point, Surathkal-575014</subfield>
    <subfield code="g">382.50</subfield>
    <subfield code="l">0</subfield>
    <subfield code="o">657.46 MEHI</subfield>
    <subfield code="p">078239</subfield>
    <subfield code="r">2026-06-27 11:35:01</subfield>
    <subfield code="v">450.00</subfield>
    <subfield code="w">2026-06-26</subfield>
    <subfield code="y">BK</subfield>
  </datafield>
  <datafield tag="952" ind1=" " ind2=" ">
    <subfield code="0">0</subfield>
    <subfield code="1">0</subfield>
    <subfield code="2">ddc</subfield>
    <subfield code="4">0</subfield>
    <subfield code="7">0</subfield>
    <subfield code="8">COM</subfield>
    <subfield code="a">AL</subfield>
    <subfield code="b">AL</subfield>
    <subfield code="c">SK</subfield>
    <subfield code="d">2026-06-27</subfield>
    <subfield code="e">Biblios Book Point, Surathkal-575014</subfield>
    <subfield code="g">382.50</subfield>
    <subfield code="l">0</subfield>
    <subfield code="o">657.46 MEHI</subfield>
    <subfield code="p">078240</subfield>
    <subfield code="r">2026-06-27 11:35:01</subfield>
    <subfield code="v">450.00</subfield>
    <subfield code="w">2026-06-26</subfield>
    <subfield code="y">BK</subfield>
  </datafield>
  <datafield tag="952" ind1=" " ind2=" ">
    <subfield code="0">0</subfield>
    <subfield code="1">0</subfield>
    <subfield code="2">ddc</subfield>
    <subfield code="4">0</subfield>
    <subfield code="7">0</subfield>
    <subfield code="8">COM</subfield>
    <subfield code="a">AL</subfield>
    <subfield code="b">AL</subfield>
    <subfield code="c">SK</subfield>
    <subfield code="d">2026-06-27</subfield>
    <subfield code="e">Biblios Book Point, Surathkal-575014</subfield>
    <subfield code="g">382.50</subfield>
    <subfield code="l">1</subfield>
    <subfield code="o">657.46 MEHI</subfield>
    <subfield code="p">078241</subfield>
    <subfield code="q">2026-10-30</subfield>
    <subfield code="r">2026-07-02 13:39:16</subfield>
    <subfield code="s">2026-07-02</subfield>
    <subfield code="v">450.00</subfield>
    <subfield code="w">2026-06-26</subfield>
    <subfield code="y">BK</subfield>
  </datafield>
</record>
